000 00834nam a2200265Ia 4500
003 OSt
005 20221005050055.0
006 a|||||r|||| 00| 0
007 ta
008 221004b |||||||| |||| 00| 0 eng d
020 _a8172361548 (hbk)
_c180
024 _a89911
037 _bG-3033/07-08, 27/02/2008, Manohar Publisher & Distributors
_cTextual
040 _aCRL
_cCRL
_beng
041 _2eng
_aeng
082 _aQ77v, P4
100 _aAbdullah
_9177434
245 0 _aHistory and doctrines of the Wahhabis
260 _aKolkata
_bThe Asiatic Society India
_c2004
300 _a39p.
_ccm.
650 _aRELIGION
700 _a O'Kinealy J. Ed.
_9594259
942 _hQ77v, P4
_cTEXL
_2cc
999 _c956265
_d956265